Statistics for Countries with the Most Hakka Speakers

Click here to take the quiz!

General Stats

  • This quiz has been taken 46 times
  • The average score is 8 of 10

Answer Stats

PlaceStatusSpeakersAnswer% Correct
1.40 000 000China
100%
3.1 787 000Malaysia
95%
5.311 378Singapore
95%
4.600 000Indonesia
93%
2.Official2 580 000Taiwan
93%
6.79 000Thailand
88%
7.30 000U.K.
76%
10.22 000Myanmar
71%
9.27 000France
67%
8.29 000Panama
12%

Score Distribution

Percentile by Number Answered

Percent of People with Each Score

Your Score History

You have not taken this quiz